书目信息 |
| 题名: |
奥林匹克运动与建筑
|
|
| 作者: | 王会寨 , 雷厉 编著 | |
| 分册: | ||
| 出版信息: | 北京 大众文艺出版社 2000.07 |
|
| 页数: | 143页 | |
| 开本: | 32开 | |
| 丛书名: | ||
| 单 册: | ||
| 中图分类: | G811.21 | |
| 科图分类: | ||
| 主题词: | 体育事业--世界 | |
| 电子资源: | ||
| ISBN: | 7-80094-875-7 | |
| 000 | 00609nam0 2200205 45 | |
| 001 | 0010251563 | |
| 005 | 20001025183417.9 | |
| 010 | @a7-80094-875-7@d10.00元 | |
| 100 | @a20001025d2000 km y0chiy0120 ea | |
| 101 | 0 | @achi |
| 105 | @a z 000yy | |
| 200 | 1 | @a奥林匹克运动与建筑@AAo Lin Pi Ke Yun Dong Yu Jian Zhu@f王会寨,雷厉编著@FWang Hui Zhai,Lei Li Bian Zhu |
| 210 | @a北京@c大众文艺出版社@d2000.07 | |
| 215 | @a143页@d32开 | |
| 606 | 0 | @a体育事业@x世界 |
| 690 | @aG811.21@v3 | |
| 701 | 0 | @a王会寨@4编著 |
| 701 | 0 | @a雷厉@4编著 |
| 801 | @aCN@bPftUser@c20001025 | |
| 905 | @dG811.21@eW966@b189008-010@f3 | |
| 奥林匹克运动与建筑/王会寨,雷厉编著.-北京:大众文艺出版社,2000.07 |
| 143页;32开 |
| ISBN 7-80094-875-7:10.00元 |
| ● |
| 相关链接 |
|
|
|
正题名:奥林匹克运动与建筑
索取号:G811.21/W966
 
预约/预借
| 序号 | 登录号 | 条形码 | 馆藏地/架位号 | 状态 | 备注 |
| 1 | 189008 | 201890089 | 社科库409/409社科库 21排1列5层/ [索取号:G811.21/W966] | 在馆 | |
| 2 | 189009 | 201890098 | 社科库409/409社科库 21排1列2层/ [索取号:G811.21/W966] | 在馆 | |
| 3 | 189010 | 201890105 | 社科库409/409社科库 21排1列2层/ [索取号:G811.21/W966] | 在馆 |